000 00769nam a22002417a 4500
003 UA-OsUOA
001 46639
007 ta
008 20120507b un ||||| |||| 00| 0 ukr d
100 _aГунькевич Д.
090 _a09.-82-2
_bГ94
942 _cBK
040 _aUA-OsUOA
_bukr
_cUA-OsUOA
_dUA-OsUOA
245 _aВ Галицькій неволі
_bдрама в 5 діях, зі співами і танцями
300 _a95 с.
955 _a3
041 _aukr
080 _a09.-82-2
260 _aВінніпег
_bУкраїнська книгарня
_c1921
650 7 _a0 Загальний відділ.
_2UDC
999 _c426740
_d426740